000
00318nam a2200157Ia 4500
100
_a
Baphana R.M.
490
_v
2
942
_c
BK
654
_a
mathematics II
245
_a
Applied Mathematics-II
260
_b
Technova
_a
Mumbai
_c
1995
082
_a
519
_b
BAP
300
_a
377
546
_a
ENGLISH
999
_c
32936
_d
32936